[Event "EYb14"]
[Site "Herceg Novi SCG"]
[Date "2005.09.20"]
[Round "6"]
[White "Mueller,Reinho"]
[Black "Aagaard,K"]
[Result "1-0"]
[WhiteElo "2134"]
[BlackElo "1913"]

1.d4 d5 2.c4 e6 3.Nf3 Be7 4.g3 Nf6 5.Bg2 O-O 6.O-O Nbd7 7.Qc2 b6 8.cxd5 Nxd5
9.a3 Bb7 10.e4 N5f6 11.Nc3 c5 12.Rd1 cxd4 13.Nxd4 e5 14.Nf5 Rc8 15.Qe2 Re8
16.Bg5 Rc6 17.Bxf6 Rxf6 18.Bh3 Bc6 19.Nd5 Bxd5 20.Rxd5 Bc5 21.b4 Bf8 22.Rad1 g6
23.Rxd7 Qc8 24.Ne3  1-0

[Event "EYb18"]
[Site "Herceg Novi SCG"]
[Date "2005.09.21"]
[Round "7"]
[White "Eletskikh,A"]
[Black "Mijovic,S"]
[Result "1-0"]
[WhiteElo "2164"]
[BlackElo "2135"]

1.d4 d5 2.Nf3 Nf6 3.c4 e6 4.g3 Be7 5.Bg2 O-O 6.O-O c6 7.b3 b6 8.Bb2 Bb7 9.Nc3 Nbd7
10.Qc2 Rc8 11.Rfd1 Qc7 12.Rac1 Rfd8 13.Qb1 Qb8 14.e3 c5 15.cxd5 exd5 16.dxc5 bxc5
17.Nh4 Nb6 18.Nf5 Bf8 19.Nb5 Ne8 20.Qa1 a6 21.Nc3 g6 22.Nh4 Bg7 23.Ne2 Qd6
24.Bxg7 Nxg7 25.Nc3 Qe7 26.Rc2 Rc7 27.a4 a5 28.Nb5 Rcd7 29.Qc3 d4 30.exd4 cxd4
31.Qxa5 Bxg2 32.Nxg2 Qf6 33.Rcd2 Nf5 34.Rd3 Re8 35.Qd2 Red8 36.Nf4 Nc8 37.Ne2 Nce7
38.Nbxd4 Qa6 39.Qb2 f6 40.R3d2 Qa5 41.b4 Qxa4 42.Nxf5 Qxd1+ 43.Rxd1 Rxd1+
44.Kg2 Nxf5 45.Qxf6 R1d6 46.Qc3 Ne7 47.Nf4 Nd5 48.Qc4 Kf8 49.b5 Nxf4+ 50.Qxf4+ Kg8
51.Qc4+ Kh8 52.Qc7 R6d7 53.Qe5+ Kg8 54.Qe6+ Rf7 55.h4 Rd7 56.f4 Re7 57.Qc8+ Kg7
58.h5 gxh5 59.Kh3 Rf6 60.Kh4 Kh6 61.Qc5  1-0

[Event "Open A"]
[Site "Hamburg GER"]
[Date "2005.10.07"]
[Round "5"]
[White "Algra,J"]
[Black "Zumsande,M"]
[Result "1/2-1/2"]
[WhiteElo "2082"]
[BlackElo "2368"]

1.d4 d5 2.c4 e6 3.Nf3 Nf6 4.g3 Be7 5.Bg2 O-O 6.O-O dxc4 7.Ne5 Nc6 8.Nxc6 bxc6
9.Bxc6 Rb8 10.Bg2 Bb7 11.Nc3 Bxg2 12.Kxg2 c5 13.dxc5 Qa5 14.Qa4 Qxc5 15.Be3 Qc7
16.Rab1 a5 17.Bf4 e5 18.Bg5 Rfd8 19.Rfd1 Rd4 20.Bxf6 Bxf6 21.e3 Rd3 22.Nd5 Qc5
23.Qd7 Bg5 24.Rbc1 e4 25.Qf5 Rb5 26.Qxg5 Qxd5 27.Qxd5 Rbxd5 28.Rxd3 exd3
29.Rxc4 h5 30.Rc1 Rb5 31.b3 a4 32.bxa4 Rb2 33.Rd1 d2 34.a5 Rxa2 35.a6 g6
36.a7 Kg7 37.Rxd2 Rxa7  1/2-1/2

[Event "Belgrade Premier League"]
[Site "Belgrade SCG"]
[Date "2005.10.08"]
[Round "8"]
[White "Pavlovic,Drago"]
[Black "Nikolic,Dragov"]
[Result "1/2-1/2"]
[WhiteElo "2242"]
[BlackElo "2286"]

1.d4 Nf6 2.c4 e6 3.Nf3 d5 4.g3 Be7 5.Bg2 O-O 6.O-O a6 7.Qc2 Nc6 8.Nbd2 Nb4
9.Qd1 a5 10.a3 Nc6 11.b3 Ne4 12.Bb2 f5 13.Qc2 Bd7 14.Rad1 Be8 15.Nxe4 fxe4
16.Ne5 Ra6 17.f3 Nxe5 18.dxe5 exf3 19.exf3 Bg6 20.Qd2 c6 21.Bh3 Bf5 22.Bxf5 Rxf5
23.Kg2 Qf8 24.cxd5 cxd5 25.a4 Bb4 26.Qd3 Rc6 27.f4 g6 28.Rc1 Rf7 29.h4 Rfc7
30.Rxc6 bxc6 31.h5 Qf5 32.Qe2 gxh5 33.Rh1 Qg4 34.Qxg4+ hxg4 35.Rh6 Re7 36.f5 Kg7
37.Rf6 c5 38.Bc1 h5 39.Bh6+ Kg8 40.Bf8 Re8 41.fxe6 c4 42.Bxb4 axb4 43.bxc4 dxc4
44.Rf4 Kg7 45.Rxc4 Rb8 46.a5 b3 47.Rc1 Rb5 48.a6 Ra5 49.Rc7+ Kg6 50.e7 Ra2+
51.Kf1 Kf7  1/2-1/2

[Event "Wch-Seniors"]
[Site "Lignano Sabbiadoro ITA"]
[Date "2005.10.08"]
[Round "10"]
[White "Arkhangelsky,B"]
[Black "Hecht,HJ"]
[Result "1/2-1/2"]
[WhiteElo "2384"]
[BlackElo "2388"]

1.c4 Nf6 2.g3 e6 3.Bg2 d5 4.Nf3 Be7 5.d4 O-O 6.O-O Nbd7 7.Qc2 c6 8.Rd1 b6
9.b3 Bb7 10.Nc3 Rc8 11.e4 Nxe4 12.Nxe4 dxe4 13.Qxe4 Ba8 14.Qe2 Bf6 15.Bb2 Qc7
16.Ne5 Nxe5 17.dxe5 Be7 18.Rd3  1/2-1/2

[Event "Cupa ULIM"]
[Site "Kishinev MDA"]
[Date "2005.10.09"]
[Round "2"]
[White "Prociuc,E"]
[Black "Khruschiov,A"]
[Result "0-1"]
[WhiteElo "2078"]
[BlackElo "2410"]

1.d4 Nf6 2.c4 e6 3.Nf3 d5 4.g3 Be7 5.Bg2 O-O 6.O-O c6 7.Qc2 Nbd7 8.b3 b6
9.Bb2 Ba6 10.Nbd2 Rc8 11.e4 c5 12.exd5 exd5 13.Rfe1 Rc7 14.Ne5 cxd4 15.Bxd4 Bc5
16.Bxc5 Nxc5 17.Qf5 Bc8 18.Qg5 h6 19.Qf4 Ne6 20.Qe3 Re8 21.Rad1 Bb7 22.Ne4 Nxe4
23.Bxe4 d4 24.Qe2 Bxe4 25.Qxe4 Ng5 26.Qg2 Rce7 27.f4 f6 28.Nd3 Ne4 29.Re2 Nc3
30.Rxe7 Qxe7 31.Rd2 Qe3+ 32.Qf2 Ne2+ 33.Rxe2 Qxe2 34.Qxd4 Qd1+ 35.Kg2 Re2+
36.Kh3 Qf1+ 37.Kg4 h5+  0-1

[Event "It A"]
[Site "Stepanakert ARM"]
[Date "2005.10.09"]
[Round "7"]
[White "Aronian,L"]
[Black "Asrian,K"]
[Result "1/2-1/2"]
[WhiteElo "2724"]
[BlackElo "2645"]

1.d4 d5 2.c4 e6 3.Nf3 Nf6 4.g3 Be7 5.Bg2 O-O 6.O-O dxc4 7.Qc2 a6 8.Qxc4 b5
9.Qc2 Bb7 10.Bd2 Be4 11.Qc1 Qc8 12.Bg5 c5 13.Nbd2 Bb7 14.dxc5 Qxc5 15.Nb3 Qb6
16.Rd1 Bd5 17.Be3 Qd8 18.Nfd4 Nbd7 19.Nc6 Qe8 20.Nxe7+ Qxe7 21.Bc5 Nxc5 22.Qxc5 Qxc5
23.Nxc5 Bxg2 24.Kxg2 Rfc8 25.Rac1 Kf8 26.Nd3 Nd7 27.Kf3 Ke7 28.e4 a5 29.Ke3 e5
30.f4 f6 31.h4 h5 32.Kf3 g6 33.b3 b4 34.g4 hxg4+ 35.Kxg4 exf4 36.Nxf4 Ne5+
37.Kg3 Rxc1 38.Rxc1 Ra7 39.Rc5 Kd6 40.Rd5+ Kc6 41.h5 gxh5 42.Nxh5 Nd7 43.Rd4 a4
44.Rxb4 axb3 45.axb3 Ra3 46.Kf4 Nc5 47.Rc4 Rxb3 48.Nxf6 Kb5 49.Rc2 Nxe4 50.Kxe4 Rh3
51.Kd4 Rh4+ 52.Kd5 Kb4 53.Nd7 Rh5+ 54.Ne5 Kb3 55.Rg2 Kb4 56.Rg3 Ka4 57.Kd4 Kb4
58.Rg4 Kb5 59.Rg8 Rh4+ 60.Kd5 Kb4 61.Rb8+ Kc3 62.Rc8+ Kb3 63.Nf3 Rh5+ 64.Kd4 Kb4
65.Rb8+ Rb5 66.Rh8 Rf5 67.Nd2 Kb5 68.Nc4 Rf4+ 69.Kd5 Kb4 70.Nd6 Rf1 71.Rh4+ Kb3
72.Ne4 Rd1+ 73.Kc5 Rd8 74.Nd6 Rg8 75.Rh3+ Kc2 76.Kd4 Rd8 77.Rc3+ Kd2 78.Rd3+ Ke2
79.Ke4 Rh8 80.Re3+ Kd2 81.Kd4 Rd8 82.Re6 Rd7 83.Rh6 Ke2 84.Rf6 Rd8 85.Ke4 Ra8  1/2-1/2

[Event "5th ch-Asian"]
[Site "Hyderabad IND"]
[Date "2005.10.13"]
[Round "7"]
[White "Babu,NS"]
[Black "Saravanan,V1"]
[Result "1/2-1/2"]
[WhiteElo "2298"]
[BlackElo "2347"]

1.d4 d5 2.c4 e6 3.Nf3 Nf6 4.g3 Be7 5.Bg2 O-O 6.O-O c6 7.Qc2 Nbd7 8.Rd1 b6
9.b3 Ba6 10.Bb2 Rc8  1/2-1/2

[Event "Goodbye Summer Open"]
[Site "Omis CRO"]
[Date "2005.10.14"]
[Round "7"]
[White "Sulava,N"]
[Black "Kovacevic,B"]
[Result "1-0"]
[WhiteElo "2493"]
[BlackElo "2493"]

1.Nf3 Nf6 2.c4 e6 3.g3 d5 4.Bg2 Be7 5.d4 O-O 6.Qc2 c6 7.O-O Nbd7 8.Rd1 b6
9.b3 Ba6 10.Nbd2 c5 11.e4 dxc4 12.Nxc4 cxd4 13.Nxd4 Rc8 14.e5 Nd5 15.Qb2 Bxc4
16.bxc4 Rxc4 17.Bxd5 exd5 18.Nf5 Bb4 19.Rxd5 Qc7 20.e6 Nf6 21.e7 Bxe7 22.Bf4 Rxf4
23.gxf4 Ba3 24.Nh6+ gxh6 25.Qxf6 Be7 26.Qxh6 Qc3 27.Rad1 Kh8 28.Rd8 Rg8+
29.Rxg8+ Kxg8 30.f5 Qf3 31.Re1 Qg4+ 32.Kf1 Bf8 33.Qc6 Qxf5 34.Re3 h6 35.Kg2 Bg7
36.Qe8+ Kh7 37.Qe4 Qxe4+ 38.Rxe4 Bf8 39.Rg4 b5 40.Kf3 a5 41.Ke4 b4 42.Kd5 a4
43.Kc4 Bd6 44.Rg2 Be7 45.f3 Bd6 46.h3 Be7 47.Re2 Bf8 48.Re8 Kg7 49.Rxf8  1-0

[Event "Goodbye Summer Open"]
[Site "Omis CRO"]
[Date "2005.10.15"]
[Round "8"]
[White "Zaja,I"]
[Black "Saric,Ib"]
[Result "1/2-1/2"]
[WhiteElo "2466"]
[BlackElo "2441"]

1.d4 Nf6 2.c4 e6 3.Nf3 d5 4.g3 Be7 5.Bg2 O-O 6.O-O c6 7.Qc2 Nbd7 8.Nbd2 b6
9.e4 Ba6 10.b3 Rc8 11.Rd1 c5 12.exd5 exd5 13.Nf1 b5 14.b4 cxb4 15.c5 Bb7
16.Qb2 Ne4 17.Bd2 a5 18.a3 Ndxc5 19.dxc5 Bf6 20.Nd4 Nxc5 21.Be3 Na4 22.Qd2 Nc3
23.axb4 Nxd1 24.Rxd1 axb4 25.Qxb4 Ba6 26.Nd2 Be7 27.Qb3 b4 28.Nf5 Rc3 29.Qxd5 Bf6
30.Ne4 Rd3 31.Nxf6+ gxf6 32.Rxd3 Bxd3 33.Nd6 Bg6 34.Bd4 Qe7 35.Ne4 Bxe4 36.Bxe4 Qe6
37.Qb7 Rd8 38.Bb2 Rd2 39.Qxb4 Rxb2 40.Bxh7+ Kxh7 41.Qxb2 Kg6 42.Qd4 f5 43.h4 Qe2
44.Qe3 Qd1+ 45.Kh2 f6 46.Qe8+ Kg7 47.h5 Qg4 48.Qe7+ Kg8 49.Qe8+ Kg7 50.Kg2 f4
51.Qe7+ Kg8 52.Qe8+ Kg7 53.Qe7+ Kg8 54.Qxf6 fxg3 55.f3 Qxh5 56.Kxg3 Qh1 57.f4 Qg1+
58.Kh4 Qh2+ 59.Kg5 Qg3+ 60.Kh6 Qh3+ 61.Kg6 Qh6+ 62.Kf5 Qh3+ 63.Ke5 Qc3+ 64.Ke6 Qe3+
65.Kd6 Qb6+ 66.Ke5 Qe3+ 67.Kf5 Qh3+ 68.Kg5 Qg3+ 69.Kh5 Qf3+ 70.Kg6 Qg4+ 71.Qg5 Qe6+
72.Kh5+ Kf7 73.Qg3 Qf5+ 74.Qg5 Qh3+ 75.Qh4 Qf5+ 76.Qg5 Qh3+ 77.Qh4  1/2-1/2

[Event "12th Young Masters"]
[Site "Zug SUI"]
[Date "2005.10.15"]
[Round "8"]
[White "Berkvens,J"]
[Black "Sakelsek,T"]
[Result "1-0"]
[WhiteElo "2430"]
[BlackElo "2404"]

1.d4 Nf6 2.c4 e6 3.g3 d5 4.Nf3 Be7 5.Bg2 O-O 6.O-O dxc4 7.Qc2 a6 8.a4 Bd7
9.Rd1 Bc6 10.Nc3 Bxf3 11.Bxf3 Nc6 12.Bxc6 bxc6 13.Bg5 Rb8 14.a5 Rb4 15.Na2 Rb5
16.Bxf6 Bxf6 17.Qxc4 Rxa5 18.b4 Rd5 19.e3 e5 20.Nc1 exd4 21.e4 Rb5 22.Nd3 Be7
23.Rxa6 Qb8 24.Qxc6 Qb7 25.Rc1 Qxc6 26.Rcxc6 Bxb4 27.Rxc7 Bc3 28.Raa7 Rbb8
29.e5 Rbc8 30.Rcb7 Rc6 31.Kg2 g5 32.f4 gxf4 33.gxf4 Rg6+ 34.Kf3 Rh6 35.Kg3 Rg6+
36.Kf3 Rh6 37.Ke4 Rh3 38.Nf2 Re3+ 39.Kf5 Re2 40.Ne4 Be1 41.Nf6+ Kg7 42.Ne8+ Kg8
43.Ra8 d3 44.Nf6+ Kg7 45.Nh5+ Kg8 46.Rxf8+ Kxf8 47.Rb8+ Ke7 48.Nf6  1-0

[Event "SCG First League m"]
[Site "Vrnjacka Banja SCG"]
[Date "2005.10.17"]
[Round "1"]
[White "Lazic,Mi"]
[Black "Perunovic,Mio"]
[Result "1/2-1/2"]
[WhiteElo "2472"]
[BlackElo "2374"]

1.g3 Nf6 2.Bg2 e6 3.Nf3 d5 4.d4 Be7 5.c4 O-O 6.O-O c6 7.b3 Nbd7 8.Bb2 b6
9.Nc3 Bb7 10.Qc2 Rc8 11.e4 c5 12.dxc5 dxe4 13.Ng5 Nxc5 14.Rfd1 Qc7 15.Ncxe4 Nfxe4
16.Nxe4 Nxe4 17.Bxe4 Bxe4 18.Qxe4 Rfd8 19.Qg4 Bf8 20.Bf6 Rxd1+ 21.Rxd1 Qb7
22.Bb2 b5 23.cxb5 Qxb5  1/2-1/2

[Event "SCG First League w"]
[Site "Vrnjacka Banja SCG"]
[Date "2005.10.18"]
[Round "2"]
[White "Grabuzova,T"]
[Black "Bojkovic,N"]
[Result "1/2-1/2"]
[WhiteElo "2332"]
[BlackElo "2386"]

1.d4 Nf6 2.c4 e6 3.g3 d5 4.Bg2 Be7 5.Nf3 O-O 6.O-O dxc4 7.Nc3 Nc6 8.e3 Rb8
9.Qa4 Bd7 10.Qxc4 b5 11.Qd3 b4 12.Ne2 Na5 13.Ne5 Bb5 14.Qc2 c5 15.Rd1 Qc7
16.b3 Rfc8 17.Bb2 c4 18.bxc4 Nxc4 19.Nxc4 Qxc4 20.Qxc4 Bxc4 21.Nf4 Nd5 22.Nxd5 Bxd5
23.e4 Rc2 24.exd5 Rxb2 25.dxe6 fxe6 26.d5 exd5 27.Bxd5+ Kf8 28.Rab1 Rxb1
29.Rxb1 a5 30.Bb3 Ra8 31.Ba4 Rc8 32.Rd1 Rc3 33.Bb3 Ke8 34.Kg2 h6 35.Rd5 Rc5
36.Rd2  1/2-1/2

[Event "Chigorin Mem"]
[Site "St Petersburg RUS"]
[Date "2005.10.20"]
[Round "6"]
[White "Ionov,S"]
[Black "Krivonosov,O"]
[Result "1-0"]
[WhiteElo "2522"]
[BlackElo "2413"]

1.Nf3 d5 2.d4 Nf6 3.c4 e6 4.g3 Be7 5.Bg2 O-O 6.Qc2 c5 7.O-O cxd4 8.Nxd4 Qb6
9.Rd1 Bc5 10.e3 Bxd4 11.exd4 dxc4 12.Na3 Bd7 13.Nxc4 Qa6 14.Bg5 Nd5 15.Ne3 Nxe3
16.fxe3 Nc6 17.Bf1 Qa5 18.Qc5 Rac8 19.Be7 Rfe8 20.Bd6 b6 21.Qxa5 Nxa5 22.Rac1 Bc6
23.Kf2 f6 24.Rc3 Red8 25.Be7 Re8 26.Bd6 Red8 27.Be7 Re8 28.Bb4 Bd5 29.Bb5 Rxc3
30.bxc3 Bc6 31.Bd3 Nb7 32.c4 Rd8 33.Ke2 Kf7 34.Rb1 Nd6 35.a4 Rd7 36.a5 b5
37.cxb5 Bxb5 38.Bxd6 Rxd6 39.Rxb5  1-0

[Event "SCG First League m"]
[Site "Vrnjacka Banja SCG"]
[Date "2005.10.20"]
[Round "4"]
[White "Benkovic,P"]
[Black "Perunovic,Mio"]
[Result "1/2-1/2"]
[WhiteElo "2433"]
[BlackElo "2374"]

1.d4 e6 2.c4 Nf6 3.g3 d5 4.Nf3 Be7 5.Bg2 O-O 6.O-O c6 7.Qc2 Nbd7 8.Nbd2 b6
9.e4 Bb7 10.Rd1 Rc8 11.b3 c5 12.exd5 exd5 13.Bb2 dxc4 14.Nxc4 b5 15.Nce5 cxd4
16.Qd3 Nxe5 17.Nxe5 Bxg2 18.Kxg2 Qd5+ 19.Nf3 Rfd8  1/2-1/2

[Event "Bundesliga 2005-6"]
[Site "Eppingen GER"]
[Date "2005.10.21"]
[Round "7"]
[White "Postny,E"]
[Black "Sokolov,And1"]
[Result "1/2-1/2"]
[WhiteElo "2571"]
[BlackElo "2623"]

1.d4 Nf6 2.c4 e6 3.g3 d5 4.Nf3 Be7 5.Bg2 O-O 6.Qc2 Na6 7.O-O c5 8.dxc5 Bd7
9.cxd5 Nxd5 10.Nc3 Nxc3 11.Qxc3 Nxc5 12.Be3 Rc8 13.Rfd1 Qe8 14.Rac1 b6 15.Ne5 Bb5
16.Qe1 Bf6 17.Bd4 Qe7 18.b4 Na6 19.a3 Nb8 20.e3 Rfd8 21.Rxc8 Rxc8 22.Rc1 Qd8
23.h4 h6 24.Rc3 Nd7 25.Qc1 Rxc3 26.Qxc3 Nxe5 27.Bxe5 Bxe5 28.Qxe5 Bc4 29.Kh2 a5
30.bxa5 bxa5 31.Qc5 Bd3 32.e4 Bb1 33.Qb5 Bc2 34.e5 h5 35.Qc6 Bf5 36.Qa8 Qxa8
37.Bxa8 f6 38.f4 fxe5 39.fxe5 g5 40.Kg2 Kf7 41.Bc6 Bc2 42.Kf2 Kg6 43.Be8+ Kf5
44.Bxh5 gxh4 45.gxh4 Kxe5 46.Ke3 Kf5 47.Be2 e5 48.Kd2  1/2-1/2

[Event "Bundesliga 2005-6"]
[Site "Wattenscheid GER"]
[Date "2005.10.23"]
[Round "2"]
[White "Meins,G"]
[Black "Straeter,T"]
[Result "1/2-1/2"]
[WhiteElo "2441"]
[BlackElo "2342"]

1.d4 Nf6 2.Nf3 e6 3.g3 d5 4.Bg2 Be7 5.c4 O-O 6.O-O dxc4 7.Ne5 Nc6 8.Nxc6 bxc6
9.e3 Nd5 10.Qa4 Nb6 11.Qa5 Bb7 12.Bd2 Qc8 13.Na3 Bxa3 14.Qxa3 c5 15.Bxb7 Qxb7
16.Qxc5 Rfd8 17.b3 cxb3 18.axb3 Rd5 19.Qc2 Rb5 20.Rfc1 Nd5 21.e4 Nf6 22.Qxc7 Qxc7
23.Rxc7 Nxe4 24.Raxa7 Rf8 25.Bc1 Rxb3 26.Ba3 Rfb8 27.Rxf7 Rxa3 28.Rxg7+ Kf8
29.Rgf7+ Kg8 30.Rg7+ Kf8 31.Raf7+ Ke8 32.Re7+ Kf8 33.Rgf7+ Kg8 34.Rg7+ Kf8
35.Ref7+ Ke8 36.Rf4 Rb1+ 37.Kg2 Re1 38.Rgg4 Nd6 39.Rg8+ Kd7 40.Rg7+ Kc6 41.Rxh7 Re2
42.Rh5 Raa2 43.Re5 Rxe5 44.dxe5 Nf5 45.g4 Kd5 46.gxf5 Kxe5 47.Kg3 exf5 48.Rb4 Ra6
49.h4 Kf6 50.Rb8 Rc6 51.Rf8+ Kg6 52.Rg8+ Kf7 53.Ra8 Kg6 54.f3 Rb6 55.Kh3 Kf6
56.Rf8+ Kg6 57.Rg8+ Kf7 58.Rg1 Kf6 59.h5 Rb3 60.Rg6+ Kf7 61.Kg3 Rb4 62.Ra6 Kg7
63.Rg6+ Kf7 64.Ra6 Kg7 65.h6+ Kh7 66.Rf6 Ra4 67.f4 Rb4 68.Rxf5 Kxh6 69.Rg5 Rb1
70.Kf3 Rb4 71.Rg1 Ra4 72.Rg2 Rb4 73.Ke3 Ra4  1/2-1/2

[Event "SCG First League m"]
[Site "Vrnjacka Banja SCG"]
[Date "2005.10.27"]
[Round "11"]
[White "Novoselski,Z"]
[Black "Leskur,D"]
[Result "0-1"]
[WhiteElo "2360"]
[BlackElo "2476"]

1.d4 d5 2.Nf3 Nf6 3.c4 e6 4.g3 Be7 5.Bg2 O-O 6.O-O c6 7.b3 Ne4 8.Qc2 f5 9.Bb2 b6
10.Ne5 Bb7 11.Nd2 Nxd2 12.Qxd2 Nd7 13.Nd3 Bd6 14.Rac1 Qe7 15.b4 b5 16.cxb5 cxb5
17.Nc5 Nb6 18.Bc3 Nc4 19.Qd1 Bc6 20.e3 Rfb8 21.Qe2 a5 22.Rb1 axb4 23.Bxb4 Ra7
24.Rfc1 Rba8 25.Rc2 e5 26.Qd3 e4 27.Qe2 Kh8 28.Bf1 g5 29.Qh5 Rxa2 30.Rxa2 Rxa2
31.Qh6 f4 32.Ne6 Bxb4 33.Rxb4 fxe3 34.Nf8 exf2+ 35.Kh1 Qf7 36.h4 Ra1 37.Ng6+ Kg8
38.Ne7+ Qxe7 39.Qxc6 Rxf1+ 40.Kh2 Rh1+  0-1

[Event "Open A"]
[Site "Arco HUN"]
[Date "2005.10.29"]
[Round "8"]
[White "Schaefer,Mi1"]
[Black "Diotallevi,M"]
[Result "1/2-1/2"]
[WhiteElo "2217"]
[BlackElo "2113"]

1.c4 Nf6 2.d4 e6 3.g3 d5 4.Bg2 Be7 5.Nf3 O-O 6.O-O c6 7.Qc2 Nbd7 8.Rd1 Ne4
9.Nbd2 f5 10.b3 Qe8 11.Bb2 Qh5 12.e3 Rf6 13.Nf1 g5 14.Ne5 g4 15.f3 gxf3 16.Bxf3 Qg5
17.Nd3 Rh6 18.Nf4 Ndf6 19.Qg2 Bd7 20.a3 Kh8 21.Rdc1 Rg8 22.Bc3 Qg7 23.Be1 Bd6  1/2-1/2

[Event "9th Bavarian Open"]
[Site "Bad Wiessee GER"]
[Date "2005.10.29"]
[Round "1"]
[White "Meins,G"]
[Black "Temminghoff,S"]
[Result "1-0"]
[WhiteElo "2441"]
[BlackElo "2040"]

1.d4 d5 2.c4 e6 3.Nf3 Nf6 4.g3 Be7 5.Bg2 O-O 6.O-O c5 7.cxd5 exd5 8.Nc3 Nc6
9.b3 Be6 10.Bb2 Rc8 11.Rc1 b6 12.e3 Re8 13.Ne5 cxd4 14.exd4 Bd6 15.Nb5 Ne7
16.Nxa7 Rxc1 17.Qxc1 Qa8 18.Nb5 Bxe5 19.dxe5 Ne4 20.Nc7  1-0

[Event "Open A"]
[Site "Liberec CZE"]
[Date "2005.10.29"]
[Round "9"]
[White "Snorek,M"]
[Black "Malec,J"]
[Result "0-1"]
[WhiteElo "2158"]
[BlackElo "2014"]

1.d4 d5 2.Nf3 Nf6 3.c4 e6 4.g3 Be7 5.Bg2 O-O 6.O-O c6 7.Nbd2 Nbd7 8.Qc2 b6
9.b3 Ba6 10.e4 dxe4 11.Nxe4 Rc8 12.Bb2 Qc7 13.Rad1 Rfd8 14.Rfe1 Bb7 15.Nfg5 Nxe4
16.Nxe4 Nf6 17.c5 Nd5 18.h4 h6 19.a3 a5 20.Qe2 b5 21.Bh3 Ra8 22.Qh5 Bc8 23.Rd3 Nf6
24.Qf3 b4 25.a4 Nd5 26.Nd2 Nc3 27.Nc4 Ba6 28.Ne5 Bf6 29.Rd2 Nd5 30.Nxf7 Kxf7
31.Bxe6+ Kf8 32.Qf5 Bc8 33.Rde2 Bxe6 34.Rxe6 Re8 35.Bc1 Rxe6 36.Rxe6 Re8
37.Rd6 Qf7 38.Rxc6 Ne7 39.Rxf6 Nxf5 40.Rxf7+ Kxf7  0-1

[Event "TCh-HUN 2005-6"]
[Site "Hungary HUN"]
[Date "2005.10.30"]
[Round "2"]
[White "Horvath,Jo1"]
[Black "Prohaszka,P2"]
[Result "1/2-1/2"]
[WhiteElo "2522"]
[BlackElo "2336"]

1.Nf3 Nf6 2.c4 e6 3.g3 d5 4.Bg2 Be7 5.d4 O-O 6.Qc2 dxc4 7.Nbd2 c5 8.dxc5 Bxc5
9.O-O Nc6 10.Nxc4 Nb4 11.Qb1 b5 12.Nce5 Bb7 13.Bg5 Qc7 14.Bxf6 gxf6 15.Ng4 Be7
16.Rc1 Qb6 17.a3 Nc6 18.Qd3 h5 19.Ne3 Rfd8 20.Qb1 a5 21.a4 Bc5 22.axb5 Qxb5
23.Nc4 Nb4 24.Ne1 Bxg2 25.Nxg2 Nd5 26.Qe4 Nb6 27.Nxb6 Qxb6 28.Qf3 Bd4 29.Rc2 Rac8
30.Rac1 Rxc2 31.Rxc2 Bxf2+ 32.Qxf2 Rd1+ 33.Ne1 Rxe1+ 34.Kg2 Qxf2+ 35.Kxf2 Rh1
36.h4 Rb1 37.Rc5 a4 38.Ra5 Rxb2 39.Rxa4 Kg7 40.Kf3 f5 41.Ra5 Rb4 42.Rc5 Rg4
43.Ra5 Kg6 44.e3 Rb4 45.Rc5 Kf6 46.Rc8 Kg7 47.Rc5 Rb2 48.Ra5 Kf6 49.Ra6 Rd2
50.Rb6 Kg7 51.Ra6 e5 52.Ra4 Kg6 53.e4 Rd3+ 54.Kg2 fxe4 55.Rxe4 Kf5 56.Ra4 f6
57.Ra8 e4 58.Re8 Rd2+ 59.Kh3 Re2 60.Rh8 Kg6 61.Rg8+ Kf7 62.Rh8 Rd2 63.Rxh5 e3
64.Rh7+ Ke6 65.Rh8 Kd7 66.Rh7+ Ke6 67.Rh8 Kd5 68.Re8 Kd4 69.h5 Rc2 70.Kg4 Rh2
71.Kf5 Rxh5+ 72.Kxf6 Kd3 73.g4 Rh6+ 74.Kf5 Rh1 75.Rd8+ Ke2 76.g5 Kf3 77.g6 e2
78.Re8 e1=Q 79.Rxe1 Rxe1 80.g7 Rg1 81.Kf6 Rxg7 82.Kxg7  1/2-1/2

[Event "Autumn Open"]
[Site "St Petersburg RUS"]
[Date "2005.10.31"]
[Round "3"]
[White "Pankov,Ger"]
[Black "Znamensky,V"]
[Result "0-1"]
[WhiteElo "2270"]
[BlackElo "2353"]

1.d4 d5 2.c4 e6 3.Nf3 Be7 4.g3 Nf6 5.Bg2 O-O 6.O-O Nbd7 7.Qc2 c6 8.Nbd2 b6
9.b3 Bb7 10.Bb2 Rc8 11.Rfd1 Qc7 12.Rac1 Qb8 13.e4 Rfd8 14.Qb1 Qa8 15.e5 Ne8
16.cxd5 cxd5 17.Ne1 Ba6 18.f4 g6 19.Nf1 Ng7 20.Ne3 Bb5 21.N1c2 Nb8 22.Ba3 Nc6
23.Bxe7 Nxe7 24.Ng4 Nh5 25.Nf2 a5 26.Bf3 Ng7 27.Ne3 Qa6 28.Qb2 a4 29.Nfg4 Ngf5
30.Nf6+ Kg7 31.Nxf5+ Nxf5 32.g4 Nh4 33.Bh1 Be2 34.Rxc8 Rxc8 35.Re1 Nf3+ 36.Bxf3 Bxf3
37.Re3 Be4 38.Nxe4 dxe4 39.f5 axb3 40.f6+ Kg8 41.axb3 Qa5 42.Kf2 Qd5 43.Qd2 h6
44.Rc3 e3+ 45.Qxe3 Ra8 46.Rd3 Qh1 47.Qxh6 Ra2+ 48.Rd2 Rxd2+ 49.Qxd2 Qxh2+
50.Ke3 Qg3+ 51.Ke2 Qxg4+ 52.Kd3 Qg3+ 53.Kc4 g5 54.b4 Kh7 55.Kb5 Qf4 56.Qd3+ Kh6
57.Qh3+ Kg6 58.Qd3+ Qf5 59.Qc3 g4 60.Kxb6 Qf2 61.Qd3+ Kg5 62.Kc5 g3 63.Qh7 g2
64.Qg7+ Kf4 65.Qh6+ Ke4 66.Qh7+ Ke3 67.Qxf7 Qc2+ 68.Kd6 g1=Q 69.Qa7 Qg8 70.d5+ Ke4
71.f7 Qd8+  0-1

[Event "9th Bavarian Open"]
[Site "Bad Wiessee GER"]
[Date "2005.11.04"]
[Round "7"]
[White "Romanishin,O"]
[Black "Lutz,D"]
[Result "1-0"]
[WhiteElo "2547"]
[BlackElo "2287"]

1.d4 Nf6 2.Nf3 e6 3.g3 d5 4.Bg2 Be7 5.c4 O-O 6.O-O dxc4 7.Qc2 a6 8.a4 Bd7
9.Qxc4 Bc6 10.Bf4 a5 11.Nc3 Na6 12.Rac1 Rc8 13.Rfe1 Nb4 14.e4 b6 15.Ne5 Bb7
16.Red1 c6 17.Qb3 h6 18.Na2 Nd7 19.Nc4 Nb8 20.Nxb4 Bxb4 21.h4 b5 22.Ne5 Nd7
23.Nd3 bxa4 24.Qxa4 Nb6 25.Qb3 Qe7 26.Nxb4 Qxb4 27.Qxb4 axb4 28.Bd6 Rfd8
29.Bxb4 Ra8 30.b3 Ra2 31.Ra1 Rda8 32.Bc3 R8a3 33.Rxa2 Rxa2 34.Ra1 Rxa1+ 35.Bxa1 Nd7
36.f3 Kf8 37.Bf1 h5 38.Bb2 g6 39.Kf2 Ke7 40.Ba3+ Kf6 41.Ke3 e5 42.dxe5+ Nxe5
43.Bb2 Ke6 44.Bxe5 Kxe5 45.f4+ Ke6 46.Bc4+ Ke7 47.Kd4 c5+ 48.Kxc5 Bxe4 49.b4 f6
50.b5 Kd7 51.b6 Bf3 52.Bd5 Bg4 53.Bc6+  1-0

[Event "World Team Ch"]
[Site "Beer Sheva ISR"]
[Date "2005.11.05"]
[Round "5"]
[White "Avrukh,B"]
[Black "Quezada,Y"]
[Result "1-0"]
[WhiteElo "2653"]
[BlackElo "2505"]

1.d4 Nf6 2.c4 e6 3.g3 d5 4.Nf3 Be7 5.Bg2 O-O 6.O-O dxc4 7.Qc2 a6 8.Qxc4 b5
9.Qc2 Bb7 10.Bd2 Ra7 11.Rc1 Be4 12.Qb3 Nbd7 13.Ba5 Qa8 14.Nbd2 Bd5 15.Qe3 Bd6
16.Bh3 Ne4 17.Nxe4 Bxe4 18.Ne1 Nb6 19.Bxb6 cxb6 20.Bg2 Bxg2 21.Nxg2 Rd7 22.Rd1 Rfd8
23.Rd3 Be7 24.Nf4 Bf6 25.Rad1 g6 26.h4 Qc6 27.b3 b4 28.d5 exd5 29.Qf3 Kg7
30.Nxd5 a5 31.h5 Rd6 32.Kg2 Re8 33.e4 Rde6 34.hxg6 hxg6 35.Rh1 Kg8 36.Qf4 Bg7
37.Rf3 Qb7 38.Qc7 Qxc7 39.Nxc7 Rxe4 40.Nxe8 Rxe8 41.Rd1 Re7 42.Rd6 Rb7 43.Rfd3 a4
44.Rd7 Rxd7 45.Rxd7 axb3 46.axb3 Bf8 47.f4 Kg7 48.Kf3 Bc5 49.Ke4 Kf6 50.Kd5 Bf2
51.g4 Kg7 52.Ke5 Bg3 53.g5 Be1 54.f5 gxf5 55.Kxf5 Kf8 56.Rd6 Bc3 57.Rxb6 Kg7
58.Rb7 Kf8 59.Rd7 Kg8 60.Rd6 Kg7 61.Rb6 Bd2 62.Ke4 Be1 63.Kd3  1-0

[Event "FSGM November"]
[Site "Budapest HUN"]
[Date "2005.11.07"]
[Round "3"]
[White "Porat,I"]
[Black "Prohaszka,P1"]
[Result "1/2-1/2"]
[WhiteElo "2328"]
[BlackElo "2070"]

1.d4 Nf6 2.c4 e6 3.g3 d5 4.Nf3 Be7 5.Bg2 O-O 6.O-O dxc4 7.Qc2 a6 8.a4 Bd7
9.Qxc4 Bc6 10.Nc3 b5 11.Qa2 b4 12.Nd1 Bd5 13.b3 Nc6 14.Ne3 Be4 15.Rd1 Rb8
16.Bb2 Nd5 17.Nxd5 Qxd5 18.Ne1 Na5 19.Rd3 Rfd8 20.Rc1 Rbc8 21.Ba1 Nb7 22.Rcd1 Bxg2
23.Nxg2 Bg5 24.Ne1 h5 25.Nf3 Bf6 26.Qd2 a5 27.Ne5 Bxe5 28.dxe5 Qc6 29.Qc1 Rxd3
30.exd3 Qf3 31.Bd4 h4 32.Be3 h3 33.Kf1 Qd5 34.Qc4 Qxe5 35.Qg4 f5 36.Qc4 c5
37.Bf4 Qd5 38.Re1 Qg2+ 39.Ke2 Nd8 40.Qa6 Ra8 41.Qb5 Qd5 42.Qe8+  1/2-1/2

[Event "ch-CRO"]
[Site "Vukovar CRO"]
[Date "2005.11.08"]
[Round "2"]
[White "Kozul,Z"]
[Black "Kovacevic,B"]
[Result "1-0"]
[WhiteElo "2576"]
[BlackElo "2493"]

1.d4 e6 2.c4 d5 3.Nf3 Nf6 4.g3 Be7 5.Bg2 O-O 6.O-O Nbd7 7.Qc2 c6 8.Nbd2 b6
9.e4 Bb7 10.e5 Ne8 11.cxd5 cxd5 12.Re1 Rc8 13.Qa4 Bc6 14.Qb3 b5 15.Bf1 Qb6
16.Bd3 b4 17.Nf1 h6 18.Bb1 Bb5 19.Ne3 f5 20.Ng2 Rf7 21.h4 Nf8 22.Be3 a5 23.Qd1 a4
24.h5 a3 25.bxa3 bxa3 26.Bd3 Bxd3 27.Qxd3 Bb4 28.Reb1 Qa5 29.Rb3 Rc3 30.Rxc3 Bxc3
31.Rc1 Rc7 32.Nf4 Bb2 33.Rxc7 Nxc7 34.Qc2 Bc3 35.Bd2 Nb5 36.Bxc3 Qxc3 37.Qa4 Qxf3
38.Qxb5 Qd1+ 39.Kg2 Qxd4 40.Qb8 Qe4+ 41.Kh2 Qe1 42.Qa7 Qxe5 43.Qxa3 Qb8 44.Qc5 Qe8
45.Kg1 g5 46.hxg6 Nxg6 47.Nxg6 Qxg6 48.a4 Qf6 49.Qa3 e5 50.a5 Qa6 51.Qc5 d4
52.Qxe5 d3 53.Qxf5 Qd6 54.Qc8+ Kh7 55.Qb7+ Kg8 56.Qb3+ Kh7 57.Qb1 Kg8 58.Qa2+ Kg7
59.Qd2 Qd4 60.Kh2 Qc4 61.Qb2+ Kg6 62.Qb6+ Kf5 63.Qxh6 Qc2 64.Qf4+ Ke6 65.Qe4+ Kd7
66.Kg2 Qe2 67.Qd5+ Ke7 68.a6 d2 69.a7 d1=Q 70.Qxd1  1-0

[Event "WJun Girls"]
[Site "Instanbul TUR"]
[Date "2005.11.09"]
[Round "1"]
[White "Nebolsina,V"]
[Black "Tilenbaeva,J"]
[Result "1-0"]
[WhiteElo "2278"]
[BlackElo "2019"]

1.d4 d5 2.Nf3 Nf6 3.c4 e6 4.g3 Be7 5.Bg2 O-O 6.O-O dxc4 7.Qc2 c6 8.Qxc4 Nbd7
9.Rd1 Qb6 10.Nc3 Bd6 11.e4 e5 12.Qe2 Re8 13.Bg5 exd4 14.Nxd4 Bc5 15.Be3 Qc7
16.f4 Nf8 17.h3 Ne6 18.e5 Qb6 19.Na4 Nxd4 20.Rxd4 Qa5 21.Nxc5 Qxc5 22.Rd3  1-0